000 00576nam a2200181Ia 4500
008 090124s9999 xx 000 0 und d
082 _b117534
100 _aबनहट्टी राजेंद्र
245 _a आंब्याची सावली
250 _a1
260 _c1978
300 _a103
600 _aबनहट्टी राजेंद्र
630 _a आंब्याची सावली
700 _aबनहट्टी राजेंद्र
730 _a आंब्याची सावली
942 _cBOOK
999 _c163621
_d163621